| 000 | 01696nam0a2200325 i 4500 | ||
|---|---|---|---|
| 001 | RU\NLR\BIBL_A\010505266 | ||
| 005 | 20260408104150.0 | ||
| 010 |
_a9785906317155 _9300 |
||
| 021 |
_aRU _b14-59750 |
||
| 035 | _a(NILC)RuMoRGB-007533953 | ||
| 035 | _a(NLR Aleph) 010505266 | ||
| 090 |
_a10153468 _c10153468 |
||
| 100 | _a20141020d2014 k y0rusy50 ca | ||
| 101 | 0 | _arus | |
| 102 | _aRU | ||
| 105 | _aa|||z|||000yy | ||
| 200 | 1 |
_aРоль экономических факторов в современном социуме _eсборник научных трудов _fМ-во образования и науки РФ, Фил. ФГБОУ ВПО "Кубан. гос. ун-т" в г. Армавире, Каф. экономики и менеджмента _g[отв. ред. - Лопатина Е. И., к.э.н.] |
|
| 210 |
_aАрмавир _cФилиал ФГБОУ ВПО "Кубанский государственный университет" в г. Армавире _d2014 |
||
| 215 |
_a135 с. _cил. _d20 |
||
| 320 | _aБиблиогр. в конце ст. | ||
| 606 |
_aЭкономика _jСборники _91414491 _3RU\NLR\auth\66284709 |
||
| 686 | 1 | _aУ.я43 | |
| 702 | 1 |
_aЛопатина _bЕ. И. _gЕкатерина Ивановна _4340 |
|
| 712 | 0 | 2 |
_4570 _aКубанский государственный университет _bФилиал _bКафедра экономики и менеджмента _cКраснодар _cАрмавир _9373300 _3RU\NLR\AUTH\8810243743 |
| 801 | 0 |
_aRU _bРГБ _c20140812 _gRCR |
|
| 801 | 1 |
_aRU _bРГБ _c20140812 _2rusmarc |
|
| 942 | _cBOOK | ||
| 980 | _aNBR | ||